|
|
|
|
| LEADER |
00000nas a2200000 a 4500 |
| 001 |
ssj0001791 |
| 003 |
WaSeSS |
| 005 |
20200512172242.0 |
| 006 |
m d |
| 007 |
cr n |
| 008 |
001129c19869999gaubr pss f0 a0eng c |
| 010 |
|
|
|a 2002230213
|
| 022 |
|
|
|a 1934-4813
|l 0887-9680
|y 0887-9680
|
| 035 |
|
|
|a (WaSeSS)ssj0001791
|
| 037 |
|
|
|a 708-006-00000-9
|b Paper subscriptions available from: Supt. of Docs., P.O. Box 371954, Pittsburgh, PA 15250-7954
|
| 040 |
|
|
|a TXI
|b eng
|c TXI
|d GPO
|d OCLCQ
|d GPO
|d NSD
|d DOS
|d OCLCQ
|d GBT
|d OCLCQ
|d OCLCO
|d OCLCF
|d OCLCQ
|d COO
|d OCLCS
|d OCLCE
|d UAB
|d DYJ
|d FUG
|d VT2
|d WaSeSS
|
| 042 |
|
|
|a pcc
|a nsdp
|
| 043 |
|
|
|a n-us---
|
| 050 |
|
4 |
|a UG633
|b .A66
|
| 074 |
|
|
|a 0422 (online)
|
| 082 |
1 |
0 |
|a 359.9/7/0973
|2 14
|
| 086 |
0 |
|
|a D 301.8:
|
| 130 |
0 |
|
|a Citizen airman (Online)
|
| 222 |
|
0 |
|a Citizen airman
|b (Online)
|
| 245 |
1 |
0 |
|a Citizen airman
|h [electronic resource] :
|b official magazine of the Air Force Reserve.
|
| 260 |
|
|
|a Robins Air Force Base, Ga. :
|b Hq. Air Force Reserve Command, Office of Public Affairs
|
| 310 |
|
|
|a Bimonthly
|
| 362 |
1 |
|
|a Print began with vol. 37, no. 5 (winter 1985-86), published in 1986.
|
| 500 |
|
|
|a Subtitle varies.
|
| 500 |
|
|
|a Some v. distributed to depository libraries in print version, ending with issue for <Oct. 2000>
|
| 506 |
|
|
|a License restrictions may limit access.
|
| 516 |
8 |
|
|a HTML format.
|
| 538 |
|
|
|a Mode of access: Internet at the AF Reserve Command web site. Address as of 1/8/02: http://www.afrc.af.mil/HQ/citamn/Default.htm; current access is available via PURL.
|
| 588 |
|
|
|a Description based on: Apr. 1997; title from available issues listing (viewed Jan. 8, 2002).
|
| 610 |
1 |
0 |
|a United States.
|b Air Force Reserve
|v Periodicals.
|
| 610 |
1 |
7 |
|a United States.
|b Air Force Reserve.
|2 fast
|0 (OCoLC)fst00534113
|
| 650 |
|
0 |
|a Aeronautics, Military
|z United States
|v Periodicals.
|
| 650 |
|
7 |
|a Aeronautics, Military.
|2 fast
|0 (OCoLC)fst00798542
|
| 651 |
|
7 |
|a United States.
|2 fast
|0 (OCoLC)fst01204155
|
| 655 |
|
0 |
|a Electronic journals.
|
| 710 |
1 |
|
|a United States.
|b Air Force Reserve Command.
|b Office of Public Affairs.
|
| 776 |
1 |
|
|t Citizen airman
|x 0887-9680
|w (DLC) 86649589
|w (OCoLC)13302442
|
| 856 |
4 |
0 |
|z Full text available from Research Library: 04/01/2001 to present
|u https://search.proquest.com/publication/35127
|